000 00443nam a2200169 i 4500
001 bg
100 1 _aBANASZAK, Ryszard
245 0 _aObróbka plastyczna :
_blaboratorium z podstaw /
_cR. Banaszak, K. Dubicki, A. Muster.
260 _aLublin,
_c1985.
700 1 _aDUBICKI, Korneliusz
700 1 _aMUSTER, Andrzej
040 _cBPK
041 _apol
080 _a621.7(075.8)
942 _cKS
008 s pl f |000 0 pol
999 _c3133
_d3133
856 _uhttp://koha.tu.koszalin.pl/cgi-bin/koha/opac-detail.pl?biblionumber=3133
_yKatalog online BPK